Every Lancer Frame - Statistics

General Stats
  • This quiz has been taken 50 times
  • The average score is 30 of 53
Answer Stats
Answer % Correct
Balor
86%
Everest
86%
Goblin
86%
Swallowtail (& Rangertail)
86%
Barbarossa
81%
Blackbeard
81%
Minotaur
81%
Vlad
81%
Genghis (& Worldkiller)
76%
Pegasus
76%
Raleigh
76%
Calendula
71%
Death's Head
71%
Drake
71%
Lancaster
71%
Manticore
71%
Monarch
71%
Napoleon
71%
Black Witch
62%
Dusk Wing
62%
Gorgon
62%
Hydra
62%
Iskander
62%
Lich
62%
Tortuga
62%
Atlas
57%
Sherman
57%
Emperor
52%
Kidd
52%
Metalmark
52%
Mourning Cloak
52%
Nelson
52%
Orchis
52%
Saladin
52%
Caliban
48%
Enkidu
48%
Gilgamesh
48%
Kobold
48%
Sunzi
48%
Tokugawa
48%
White Witch
48%
Tagetes
43%
Lycan
38%
Stortebeker
38%
Amber Phantom
33%
Chomolungma
33%
Hecatoncheires
33%
Viceroy
33%
Zheng
33%
Empakaai
29%
Kutuzov
29%
Sagarmatha
29%
Taraxacum
29%
No matching quizzes found
Score Distribution
Percent of People with Each Score
Percentile by Number Answered
Your Score History
You have not taken this quiz